Normal view
MARC view
- Dr. Hafiz Farooq Ahmad.
Entry Personal Name
001 - CONTROL NUMBER
- control field: 22886
003 - CONTROL NUMBER IDENTIFIER
- control field: NUST
005 - DATE AND TIME OF LATEST TRANSACTION
- control field: 20191004115644.0
008 - FIXED-LENGTH DATA ELEMENTS
- fixed length control field: 191004|| aca||aabn | a|a d
040 ## - CATALOGING SOURCE
- Original cataloging agency: NUST
- Transcribing agency: NUST
100 ## - HEADING--PERSONAL NAME
- Personal name: Dr. Hafiz Farooq Ahmad.
670 ## - SOURCE DATA FOUND
- Source citation: Work cat.: (NUST): Khan, Naveed. 22885, Multithreaded byte code Transformation Architecture of Strong Mobility for Java based Multi-Agent System /, 2008.
